| 000 | 00524nam a22001697a 4500 | ||
|---|---|---|---|
| 005 | 20251108172258.0 | ||
| 008 | 250721s1991 xx 000 0 ara d | ||
| 082 | 1 | 4 | _aط/573/انس |
| 245 | 1 | 0 | _aالإنسان / |
| 264 | 1 |
_aالقاهره : _bالدار الدولية للنشر و التوزيع، _c1991. |
|
| 300 | _a32ص | ||
| 490 | 0 | _aالعالم الإسلامي | |
| 650 | 1 | 7 | _aالإنسان |
| 710 | 2 | _aقسم الترجمة و النشر بالدار الدولية | |
| 942 |
_2ddc _cBK |
||
| 999 |
_c74981 _d74981 |
||